000 00476nam a2200193Ia 4500
003 OSt
005 20241010105810.0
008 210210b1976 xxu||||| |||| 00| 0 eng d
020 _a33390 130 4
040 _cal
082 _a822.912 ROYG
100 _aROY (R N).
_9182053
245 _aGeorge Bernard Shaw's historical plays.
260 _aDelhi.
_bMacmillan India Ltd.
_c1976
300 _a107
690 _aEnglish Dram
_9182054
906 _aSG0185
942 _2ddc
_cSG
999 _c112899
_d112899